| 000 | 00663nam a2200241Ia 4500 | ||
|---|---|---|---|
| 003 | OSt | ||
| 005 | 20221006142653.0 | ||
| 006 | a|||||r|||| 00| 0 | ||
| 007 | ta | ||
| 008 | 221006b |||||||| |||| 00| 0 eng d | ||
| 024 | _a6,896 | ||
| 037 |
_bGift, _cTextual |
||
| 040 |
_aEASL _cEASL _beng |
||
| 041 |
_2eng _aeng |
||
| 082 | _aY:354.41.N1, E4.1-10-.13 | ||
| 100 | _aDORE Henry | ||
| 245 | 0 | _aResearches into Chinese superstitions | |
| 260 |
_aTaipei _bCh'Eng Wen Pub. _c1966 |
||
| 300 |
_a320p. _ccm. |
||
| 490 | _v V.9-10 CEL | ||
| 942 |
_hY:354.41.N1, E4.1-10-.13 _cTEXL _2CC |
||
| 999 |
_c1074982 _d1074982 |
||